000 00416nam a2200169Ia 4500
001 22922
005 20260414150903.0
008 260414t2016||||xx |||||||||||||| ||spa||
041 _aESP
082 _a624.17
_bV66
100 _aVillarreal Castro, Genner
_eAUT
245 0 _aProblemas resueltos de ingenierĂ­a sismorresistente
_b
260 _c2016
650 _a0
654 _aCIC
942 _cLIB
_dJUS
_fJUS
_2ddc
_n
999 _c22922
_d22922